Miasta w województwie warmińsko-mazurskim - Statystyki

Ogólne statystyki
  • Ten quiz został rozwiązany 4 341 razy
  • Średni wynik to 26 z 49
Statystyki odpowiedzi
Miasto Liczba ludności % Poprawnych
Olsztyn 173 444
99%
Elbląg 121 642
94%
Ełk 60 462
91%
Giżycko 29 726
82%
Ostróda 33 396
80%
Iława 33 174
79%
Mrągowo 22 005
79%
Bartoszyce 24 196
73%
Kętrzyn 27 732
72%
Lidzbark 8 002
70%
Szczytno 23 992
69%
Pisz 19 489
68%
Mikołajki 3 827
67%
Olsztynek 7 669
67%
Braniewo 17 161
66%
Gołdap 13 726
66%
Działdowo 21 402
62%
Nidzica 14 166
62%
Węgorzewo 11 568
62%
Morąg 14 110
59%
Olecko 16 460
59%
Frombork 2 446
57%
Lidzbark Warmiński 16 200
56%
Nowe Miasto Lubawskie 11 101
55%
Dobre Miasto 10 471
51%
Lubawa 10 083
51%
Pasłęk 12 373
51%
Biskupiec 10 582
50%
Ruciane-Nida 4 632
47%
Orneta 9 008
44%
Orzysz 5 726
44%
Barczewo 7 290
43%
Ryn 2 899
43%
Reszel 4 667
42%
Tolkmicko 2 739
37%
Górowo Iławeckie 4 140
36%
Jeziorany 3 312
36%
Pieniężno 2 863
36%
Korsze 4 408
35%
Bisztynek 2 437
34%
Pasym 2 561
34%
Biała Piska 4 120
33%
Miłomłyn 2 434
33%
Susz 5 654
33%
Sępopol 2 024
31%
Młynary 1 806
29%
Miłakowo 2 631
27%
Zalewo 2 186
27%
Kisielice 2 122
25%
Nie znaleziono quizów pasujących do podanych kryteriów
Rozkład punktacji
Procent ludzi z każdym wynikiem
Percentyl według liczby udzielonych odpowiedzi
Twoja historia wyników
Nie rozwiązałeś tego quizu